| 000 | 00972nas a2200289 4500 | ||
|---|---|---|---|
| 001 | BR0801816 | ||
| 003 | BR-BrBNA | ||
| 005 | 20231205111832.0 | ||
| 007 | ta | ||
| 008 | 230509b bl.|||p| |||| 00| 00por d | ||
| 040 |
_aBR-BrBNA _bpor _cBiblioteca Nacional de Agricultura |
||
| 041 | _a(Pt) | ||
| 072 | _aP33 | ||
| 100 | 1 | _aAlmeida Neto, J.X. de | |
| 100 | 1 | _aBorges, L.C.V. | |
| 100 | 1 | _aChaves, L.J. | |
| 245 | 1 | _aEmprego dos extratores mehlich e resina trocadora de ânions para avaliação do fósforo disponível para soja em latossolo vermelho-escuro distrófico em Goiás | |
| 650 | _aSOJA | ||
| 650 | _aSOLO | ||
| 650 | _aFÓSFORO | ||
| 650 | _aLATOSSOLO | ||
| 650 | _aANÁLISE DO SOLO | ||
| 650 | _aGOIÁS | ||
| 773 | 0 |
_tAnais da Escola de Agronomia e Veterinária- Universidade Federal de Goiás (Brazil) _xISSN 0100-218X _g(Jan 1991-Dec 1992), v. 21-22 p. 93100 _wBR0801816 |
|
| 909 |
_a202311 _bLúcia _c55 _dLúcia Elande |
||
| 942 |
_2AGRIS _n0 _cANA |
||
| 999 |
_c194718 _d194718 |
||